000 00775nam a2200217Ii 4500
003 JO-AjNU
008 230605s9999||||xx |||||||||||||| ||und||
020 _a978-9953-89-006-7
040 _aJO-AjNU
_bara
_erda
_cJO-AjNU
041 _aara
050 1 4 _aPJ7870.A65.F54.2020
100 3 _aونوس، سعد الله,
_eauthor
_961726
245 0 0 _aالفيل يا ملك الزمان ورأس المملوك جابر(مسرحية)
250 _aالطبعة التاسعة
264 3 1 _aبيروت: دار الاداب للنشر والتوزيع، 2020
300 _a159ص
336 _atext
_btxt
_2rdacontent
337 _aunmediated
_bn
_2rdamedia
338 _avolume
_bnc
_2rdacarrier
650 4 _aالمسرحيات العربية-سوريا -القرن20
_961727
999 _aA27916
_c31484
_d31484